Landen met een letter - Z - Statistieken

Algemene statistieken
  • Deze quiz is 235 keer genomen
  • De gemiddelde score is 13 van 19
Antwoordstatistieken
Categorie Land % Correct
1 x Z Zimbabwe
95%
1 x Z Zambia
92%
1 x Z Zuid-Afrika
84%
1 x Z Zuid-Korea
84%
1 x Z Zweden
84%
1 x Z Zwitserland
81%
1 x Z Zuid-Soedan
79%
1 x Z Mozambique
65%
1 x Z Oezbekistan
61%
2 x Z Azerbeidzjan
58%
1 x Z Kazachstan
58%
1 x Z Nieuw-Zeeland
58%
1 x Z Venezuela
56%
1 x Z Brazilië
55%
1 x Z Kirgizië
53%
1 x Z Tanzania
53%
1 x Z Belize
52%
1 x Z Tadzjikistan
52%
1 x Z Bosnië en Herzegovina
48%
Geen overeenkomende quizzen gevonden
Scoreverdeling
Procent van Mensen met Elke Score
Percentiel versus Aantal Correcte Antwoorden
Uw Scoregeschiedenis
U heeft deze quiz nog niet genomen